| 000 | 00626nam a2200253Ia 4500 | ||
|---|---|---|---|
| 008 | 171120s9999 xx 000 0 und d | ||
| 020 | _a9.7818481019e+012 | ||
| 050 | _a595.76 | ||
| 050 | _bW629 2009 | ||
| 245 | _aWhy do ants cut up leaves? : | ||
| 245 | _bbugs / | ||
| 260 | _aEssex : | ||
| 260 | _bMiles Kelly, | ||
| 260 | _c2009 | ||
| 300 | _a34 pages : | ||
| 300 | _bcolor illustrations ; | ||
| 300 | _c29cm. | ||
| 440 | _aFirst questions and answers. | ||
| 500 | _aIncludes index. | ||
| 650 | _aInsect -- | ||
| 650 | _aInsects. | ||
| 650 | _xMiscellanea -- Juvenile literature. | ||
| 700 | _aSeries. | ||
| 999 |
_c344981 _d344981 |
||